000 00293nam a22001217a 4500
008 181210b xxu||||| |||| 00| 0 eng d
041 _aeng
080 _a510
100 _a38
101 _aMAT
245 _aTopics Ordinary Differinteal Equations A Popoouri
_cLakin.W.D
942 _2udc
_cBK
999 _c53097
_d53097